Los desequilibrios monetarios y la balanza de pagos: Chile 1950-1970

Saved in:
Bibliografiske detaljer
Hovedforfatter: Le Fort Varela, Guillermo (Author)
Format: Bog
Sprog:spansk
Udgivet: Santiago Universidad de Chile 1980
Serier:Documento de Investigación, 49
Fag:
Tags: Tilføj Tag
Ingen Tags, Vær først til at tagge denne postø!

MARC

LEADER 00000nam a2200000 a 4500
001 UCR8466
003 CL-VaPUC
008 980529e19800800CL |||||||||||||||||spa|d
082 0 4 |a 382.17  |b LEF  |2 21 
100 |a Le Fort Varela, Guillermo  |e author  |9 410231 
245 1 4 |a Los desequilibrios monetarios y la balanza de pagos: Chile 1950-1970 
300 |a 123 h 
942 |c BK 
945 |d 19980529 00:00:00  |a cmena 
260 |a Santiago  |b Universidad de Chile  |c 1980 
650 7 |a COMERCIO INTERNACIONAL  |2 CL-VaPUC  |9 410232 
650 0 |a Balanza de pagos  |9 316476 
650 0 |a Equilibrio económico   |9 322667 
650 7 |a FLUCTUACIONES ECONOMICAS  |2 CL-VaPUC  |9 408970 
650 0 |a Inflación   |9 257218 
650 7 |a RESERVAS INTERNACIONALES  |2 CL-VaPUC  |9 410205 
650 0 |a Dinero  |9 314331 
650 7 |a SISTEMAS MONETARIOS  |2 CL-VaPUC  |9 342366 
583 |a last modification  |c 19980529 00:00:00  |k Rodrigo Vera 
490 0 |a Documento de Investigación, 49 
999 |c 269870  |d 269868